| 000 | 00661nam a22001697a 4500 | ||
|---|---|---|---|
| 008 | 170427b xxu||||| |||| 00| 0 eng d | ||
| 020 | _a9715503322 | ||
| 082 |
_21999 _aDFil 959.9035 _bP53 |
||
| 245 |
_aThe Philippines under Japan: _boccupation policy and reaction/ _cEdited by Ikehata Setsuho and Ricardo T. Jose. |
||
| 260 |
_aQuezon City: _bADMU Press, _cc1999. |
||
| 300 |
_avii, 394 pages: _billustrations; _c23 cm. |
||
| 500 | _aIncludes glossary, bibliographical references and index. | ||
| 650 | 0 |
_920530 _aPhilippines - History - Japanese occupation, 1942-1945. |
|
| 700 |
_920532 _aJose, Ricardo T. _eEditor |
||
| 365 |
_b379.50 _cPhp. |
||
| 942 |
_2ddc _cDFIL |
||
| 999 |
_c6773 _d6773 |
||